00950 a2200193 4500003000500000005001700005010001600022020001500038040000900053082001500062100001900077245019100096250001400287260003000301300003300331505034400364650002700708650002100735Nust20221116120848.0 a 80022869 a0333293843 cNust00a621.37,GRE1 aGregory, B. A.13aAn introduction to electrical instrumentation and measurement systems :ba guide to the use, selection, and limitations of electrical instruments and measurement systems /cB.A. Gregory. a2nd ed. / aNew York :bWiley,c1981. ax,, 446 p. :bill. ;c24 cm. aIntroduction (Page-1), Analogue Instruments (Page-53), Comparison Methods (Page-146), Digital Instruments (Page-186), Transducers (Page-234), Signal Conditioning (Page-277), Interference and Screening (Page-331), Instrument Selection and Specification Analysis (Page-360), Instrument Systems (Page-379), Problems and Exercises (Page-398). 0aElectric measurements. 0aElectric meters.